[Event "Porto Carras Summer Cup"]
[Site "Porto Carras"]
[Date "2009.07.22"]
[Round "6.6"]
[White "Sideris, Giorgos"]
[Black "Hrisanthopoulos, Dimitrios"]
[Result "1/2-1/2"]
[WhiteElo "1910"]
[BlackElo "2128"]
[PlyCount "59"]
[EventDate "2009.??.??"]

1. e4 c5 2. Nc3 Nc6 3. g3 g6 4. Bg2 Bg7 5. d3 e6 6. Be3 d6 7. Qd2 Nge7 8. Bh6
O-O 9. h4 Bxh6 10. Qxh6 f6 11. Qd2 e5 12. h5 g5 13. h6 Ng6 14. Nge2 Nd4 15. O-O
g4 16. Nxd4 cxd4 17. Ne2 Be6 18. c3 Qa5 19. Rfd1 dxc3 20. Nxc3 Rac8 21. a3 Bb3
22. Rdc1 Qb6 23. Nd1 Bxd1 24. Rxc8 Rxc8 25. Rxd1 Qb3 26. Rc1 Qe6 27. Bf1 Ne7
28. Be2 Rc6 29. Rxc6 bxc6 30. Qd1 1/2-1/2

[Event "Porto Carras Summer Cup"]
[Site "Porto Carras"]
[Date "2009.07.22"]
[Round "6.8"]
[White "Soultatis, Kostas"]
[Black "Rabinovich, Anton"]
[Result "1-0"]
[WhiteElo "2080"]
[BlackElo "1974"]
[PlyCount "57"]
[EventDate "2009.??.??"]

1. d4 e6 2. g3 c5 3. Nf3 d5 4. Bg2 Nf6 5. O-O Nc6 6. c4 Be7 7. cxd5 Nxd5 8.
dxc5 Bxc5 9. a3 a5 10. Qc2 Be7 11. Rd1 Qc7 12. e4 Nf6 13. Bf4 Qb6 14. Nc3 Ng4
15. Na4 Qa6 16. h3 e5 17. Bf1 Qa7 18. Bc1 h5 19. hxg4 Bxg4 20. Be3 Qb8 21. Be2
h4 22. Nxh4 Bxe2 23. Qxe2 Bxh4 24. gxh4 Rxh4 25. Bg5 Rh7 26. Nb6 Nd4 27. Rxd4
exd4 28. Qb5+ Kf8 29. Nd7+ 1-0

[Event "Porto Carras Summer Cup"]
[Site "Porto Carras"]
[Date "2009.07.23"]
[Round "7.4"]
[White "Csonka, Balazs"]
[Black "Karlovich, Anastazia"]
[Result "0-1"]
[WhiteElo "2062"]
[BlackElo "2211"]
[PlyCount "80"]
[EventDate "2009.??.??"]

1. e4 e5 2. Nf3 Nc6 3. Bb5 a6 4. Ba4 d6 5. O-O Nge7 6. c3 Bd7 7. d4 g6 8. d5
Nb8 9. c4 Bg7 10. Nc3 O-O 11. a3 Bg4 12. h3 Bxf3 13. Qxf3 f5 14. Bg5 h6 15.
Bxe7 Qxe7 16. Qg3 Kh7 17. h4 fxe4 18. Nxe4 Rf4 19. h5 gxh5 20. Qh3 c6 21. Rad1
cxd5 22. cxd5 Kg8 23. Nxd6 Rxa4 24. Nf5 Qf7 25. d6 Nc6 26. b4 Rxa3 27. Ne7+
Qxe7 28. dxe7 Rxh3 29. gxh3 Re8 30. Rd7 Rxe7 31. Rxe7 Nxe7 32. Rd1 Nc6 33. b5
axb5 34. Rd5 Nd4 35. Rd7 b4 36. Rxb7 b3 37. Kf1 Kh7 38. Ke1 Kg6 39. Kd2 Bf6 40.
Rb6 Kf5 0-1

[Event "Porto Carras Summer Cup"]
[Site "Porto Carras"]
[Date "2009.07.23"]
[Round "7.5"]
[White "Spiropoulos, Panagiotis I"]
[Black "Soultatis, Kostas"]
[Result "1/2-1/2"]
[WhiteElo "2114"]
[BlackElo "2080"]
[PlyCount "23"]
[EventDate "2009.??.??"]

1. d4 d5 2. c4 e6 3. Nc3 c6 4. cxd5 cxd5 5. Nf3 Nf6 6. Bg5 Be7 7. e3 Nc6 8. a3
a6 9. Bd3 h6 10. Bh4 b5 11. O-O O-O 12. Rc1 1/2-1/2

[Event "Porto Carras Summer Cup"]
[Site "Porto Carras"]
[Date "2009.07.23"]
[Round "7.6"]
[White "Kutirov, Rolando"]
[Black "Mattsson, Michael"]
[Result "1/2-1/2"]
[WhiteElo "2360"]
[BlackElo "2116"]
[PlyCount "76"]
[EventDate "2009.??.??"]

1. d4 d5 2. c4 c6 3. cxd5 cxd5 4. Bf4 Qb6 5. Nc3 Nf6 6. a3 Bf5 7. e3 e6 8. Nf3
Ne4 9. Na4 Qd8 10. Rc1 Nc6 11. b4 Nxb4 12. Bc7 Qc8 13. Bb5+ Nc6 14. Rxc6 bxc6
15. Bxc6+ Ke7 16. Bxa8 Qxc7 17. O-O Qc8 18. Qc1 Qxa8 19. Qc7+ Kf6 20. Qe5+ Kg6
21. Nh4+ Kh6 22. f3 Bd6 23. Nxf5+ exf5 24. Qxf5 Nd2 25. g4 g6 26. g5+ Kg7 27.
Qf6+ Kg8 28. Qxd6 Nxf1 29. Kxf1 h6 30. Nc3 Qc8 31. Nxd5 Qc1+ 32. Ke2 Qc2+ 33.
Ke1 Qc1+ 34. Ke2 hxg5 35. Qd8+ Kh7 36. Qxg5 Rb8 37. Nf6+ Kg7 38. Nh5+ Kh7
1/2-1/2

[Event "Porto Carras Summer Cup"]
[Site "Porto Carras"]
[Date "2009.07.23"]
[Round "7.7"]
[White "Gamback, Bjorn"]
[Black "Xaxiris, E."]
[Result "1/2-1/2"]
[WhiteElo "2182"]
[BlackElo "2035"]
[PlyCount "51"]
[EventDate "2009.??.??"]

1. e4 c6 2. Ne2 d5 3. e5 c5 4. d4 Nc6 5. c3 Bf5 6. dxc5 e6 7. b4 Bxb1 8. Rxb1
Nxe5 9. Nd4 Nd7 10. Bb5 a6 11. Ba4 Ngf6 12. O-O Qc7 13. Qe2 Be7 14. c6 bxc6 15.
Bxc6 Ra7 16. b5 O-O 17. Nxe6 fxe6 18. Qxe6+ Rf7 19. b6 Nxb6 20. Be3 Qc8 21.
Qxc8+ Nxc8 22. Bxa7 Nxa7 23. Bb7 a5 24. Rfd1 Bc5 25. Bxd5 Nxd5 26. Rb8+ 1/2-1/2

[Event "Porto Carras Summer Cup"]
[Site "Porto Carras"]
[Date "2009.07.23"]
[Round "7.8"]
[White "Naslund, Mikael"]
[Black "Sideris, Giorgos"]
[Result "1/2-1/2"]
[WhiteElo "2170"]
[BlackElo "1910"]
[PlyCount "40"]
[EventDate "2009.??.??"]

1. d4 g6 2. e4 Bg7 3. c4 d6 4. Nc3 a6 5. Nf3 Bg4 6. Be2 Nc6 7. d5 Bxf3 8. Bxf3
Nd4 9. Be3 Nxf3+ 10. Qxf3 Nf6 11. O-O O-O 12. h3 Nd7 13. Qe2 e5 14. dxe6 fxe6
15. Rad1 Qe7 16. Qd2 Rf7 17. Bg5 Bf6 18. Bh6 Bg7 19. Bg5 Bf6 20. Bh6 Bg7
1/2-1/2

[Event "Porto Carras Summer Cup"]
[Site "Porto Carras"]
[Date "2009.07.24"]
[Round "8.1"]
[White "Andreou, Andreas"]
[Black "Pavlidis, Anastasios"]
[Result "1/2-1/2"]
[WhiteElo "2214"]
[BlackElo "2348"]
[PlyCount "35"]
[EventDate "2009.??.??"]

1. e4 c5 2. Nf3 d6 3. d4 cxd4 4. Nxd4 Nf6 5. Nc3 g6 6. Be3 Bg7 7. f3 O-O 8. Qd2
Nc6 9. O-O-O d5 10. Kb1 Rb8 11. Ndb5 a6 12. Na7 e6 13. g4 Bd7 14. g5 d4 15.
gxf6 dxe3 16. Qxe3 Bxf6 17. Nxc6 bxc6 18. e5 1/2-1/2

[Event "Porto Carras Summer Cup"]
[Site "Porto Carras"]
[Date "2009.07.24"]
[Round "8.2"]
[White "Karlovich, Anastazia"]
[Black "Hadzimanolis, Antonios"]
[Result "0-1"]
[WhiteElo "2211"]
[BlackElo "2296"]
[PlyCount "106"]
[EventDate "2009.??.??"]

1. e4 e5 2. Nf3 Nc6 3. Nc3 Nf6 4. d4 exd4 5. Nxd4 Bb4 6. Nxc6 bxc6 7. Bd3 d5 8.
exd5 cxd5 9. Qe2+ Qe7 10. Qxe7+ Kxe7 11. Bd2 Re8 12. O-O-O c6 13. Rhe1+ Be6 14.
Ne4 Bxd2+ 15. Nxd2 Kd6 16. c3 Ng4 17. Re2 Bd7 18. f3 Rxe2 19. Bxe2 Re8 20. Ba6
Nf2 21. Rf1 Bf5 22. Ne4+ dxe4 23. fxe4 Be6 24. Rxf2 Bxa2 25. Rd2+ Kc7 26. Bd3
Re5 27. Rf2 f6 28. Rf5 Rxf5 29. exf5 Bd5 30. g3 Kd6 31. Kd2 Ke5 32. Ke3 Bg2 33.
b4 c5 34. bxc5 Bc6 35. c4 a5 36. Bc2 h5 37. h3 h4 38. gxh4 Bd7 39. Be4 Bxf5 40.
Bc6 Bxh3 41. Bb5 Bf5 42. Ba4 Bg4 43. c6 Kd6 44. Kd4 Bf3 45. c7 Bg4 46. c5+ Kxc7
47. Kd5 Bd7 48. c6 Bg4 49. Kc5 Bf3 50. Bb5 Bd1 51. Bc4 a4 52. Bb5 Bb3 53. Kb4
Kb6 0-1

[Event "Porto Carras Summer Cup"]
[Site "Porto Carras"]
[Date "2009.07.24"]
[Round "8.4"]
[White "Kutirov, Rolando"]
[Black "Spiropoulos, Panagiotis I"]
[Result "0-1"]
[WhiteElo "2360"]
[BlackElo "2114"]
[PlyCount "110"]
[EventDate "2009.??.??"]

1. d4 d5 2. c4 e6 3. Nf3 Be7 4. Nc3 Nf6 5. Bg5 h6 6. Bxf6 Bxf6 7. e3 O-O 8. Qd2
dxc4 9. Bxc4 Nd7 10. O-O-O c5 11. h4 cxd4 12. exd4 Nb6 13. Bb3 h5 14. Qe2 Nd5
15. Ne5 Nxc3 16. bxc3 Qc7 17. Rd3 Rd8 18. Rhh3 g6 19. f4 a5 20. g4 a4 21. Bc2
hxg4 22. Qxg4 Qe7 23. Rdg3 Ra6 24. Kd2 Rb6 25. h5 g5 26. Qe2 Rb2 27. Qe4 Rxc2+
28. Qxc2 b5 29. h6 Kh8 30. Rh1 b4 31. Ke1 Qb7 32. Rf1 b3 33. axb3 axb3 34. Qg2
Qe7 35. Qb2 Ba6 36. Rf2 Qb7 37. Nxf7+ Qxf7 38. fxg5 Qg6 39. Rxf6 Qe4+ 40. Kf2
Bc4 41. g6 Qh1 42. Rgf3 Qh2+ 43. Ke1 Qh1+ 44. Kd2 Qxh6+ 45. R3f4 Ra8 46. g7+
Qxg7 47. Ke3 Qg3+ 48. Rf3 Qe1+ 49. Kf4 Qh4+ 50. Ke5 Qg5+ 51. R6f5 Ra5+ 52. Kd6
Qd8+ 53. Kc6 Qc8+ 54. Kd6 Qd8+ 55. Kc6 Bd5+ 0-1

[Event "Porto Carras Summer Cup"]
[Site "Porto Carras"]
[Date "2009.07.24"]
[Round "8.5"]
[White "Soultatis, Kostas"]
[Black "Naslund, Mikael"]
[Result "1/2-1/2"]
[WhiteElo "2080"]
[BlackElo "2170"]
[PlyCount "123"]
[EventDate "2009.??.??"]

1. d4 f5 2. g3 Nf6 3. Bg2 g6 4. c3 Bg7 5. Nd2 c6 6. Qb3 d5 7. Nh3 O-O 8. Nf4
Qb6 9. O-O Re8 10. Nf3 Ne4 11. h4 e6 12. Nd3 Nd7 13. Bf4 Ndf6 14. Nfe5 Nd7 15.
Nxd7 Bxd7 16. f3 Nf6 17. Kh2 Bc8 18. Rae1 Qd8 19. e4 b6 20. exf5 Ba6 21. Qc2
Bxd3 22. Qxd3 exf5 23. Re2 Nh5 24. Rxe8+ Qxe8 25. Bd2 Qe7 26. Qe3 Qd6 27. Qf2
Re8 28. Re1 Re6 29. Rxe6 Qxe6 30. Qe1 Kf7 31. Qxe6+ Kxe6 32. g4 fxg4 33. fxg4
Nf6 34. Bh3 Ne4 35. g5+ Ke7 36. Bf4 Nf2 37. Bf1 Bf8 38. Kg3 Ne4+ 39. Kf3 Kd8
40. Bd3 Ke7 41. Bxe4 dxe4+ 42. Kxe4 b5 43. b3 Ke6 44. c4 bxc4 45. bxc4 Bb4 46.
d5+ cxd5+ 47. cxd5+ Kd7 48. Bg3 Bc5 49. Kd3 Bb6 50. Ke4 Bc5 51. Kd3 Bb6 52. Kc4
Be3 53. Kb5 Bb6 54. a4 Bd4 55. Ka6 Kc8 56. Kb5 Kd7 57. Ka6 Kc8 58. Be1 Be3 59.
Bg3 Bd4 60. Be1 Be3 61. Kb5 Kd7 62. Bg3 1/2-1/2

[Event "Porto Carras Summer Cup"]
[Site "Porto Carras"]
[Date "2009.07.24"]
[Round "8.6"]
[White "Giordos, Vasilios"]
[Black "Gamback, Bjorn"]
[Result "0-1"]
[WhiteElo "1949"]
[BlackElo "2182"]
[PlyCount "132"]
[EventDate "2009.??.??"]

1. e4 c5 2. Nf3 e6 3. d4 cxd4 4. Nxd4 a6 5. c4 Nf6 6. Nc3 Qc7 7. Be2 b6 8. a3
Bb7 9. Qd3 d6 10. b3 Nbd7 11. Qc2 Rc8 12. Bb2 Be7 13. O-O O-O 14. Rad1 Qb8 15.
Kh1 Qa8 16. f3 Rc7 17. Qd2 Rfc8 18. Rc1 Bf8 19. Bd3 Ne5 20. Bb1 Ng6 21. Na4 Nd7
22. Rfe1 Qa7 23. Red1 Nc5 24. Nxc5 dxc5 25. Ne2 Bc6 26. Qc3 b5 27. Ng3 b4 28.
Qe3 Qb7 29. a4 Rd7 30. Rd2 Rcd8 31. Rcd1 f6 32. Nh5 Rxd2 33. Rxd2 Rxd2 34. Qxd2
Be7 35. Bc2 Qc7 36. Ng3 Bd6 37. Nf1 Bf4 38. Qd1 Kf7 39. g3 Be5 40. Bc1 Bd4 41.
Kg2 Bb7 42. Bd2 Qd6 43. Be3 Ne7 44. Qd3 Nc6 45. Bf4 Qd7 46. Be3 Ke8 47. Nd2 Ne5
48. Qe2 g6 49. Kf2 Qd6 50. h3 Nc6 51. f4 Bxe3+ 52. Qxe3 Nd4 53. Bb1 e5 54. fxe5
fxe5 55. Bd3 Bc8 56. Bf1 Qf6+ 57. Kg2 g5 58. Kh2 g4 59. h4 h6 60. Be2 Qf8 61.
Kg2 Qd6 62. Bd1 Kf7 63. Be2 Kg6 64. Bd1 Bd7 65. Be2 Nc2 66. h5+ Kg7 0-1

[Event "Porto Carras Summer Cup"]
[Site "Porto Carras"]
[Date "2009.07.24"]
[Round "8.7"]
[White "Nikolaidis, Georgios"]
[Black "Jevtic, Miroljub"]
[Result "0-1"]
[WhiteElo "1912"]
[BlackElo "2164"]
[PlyCount "72"]
[EventDate "2009.??.??"]

1. e4 e5 2. Nf3 Nc6 3. Nc3 Bc5 4. Nxe5 Nxe5 5. d4 Bd6 6. dxe5 Bxe5 7. Bc4 Bxc3+
8. bxc3 d6 9. O-O Ne7 10. Be3 O-O 11. f4 Be6 12. Bd3 f5 13. g4 fxe4 14. Bxe4
Bc4 15. Rf2 d5 16. Bd3 Bxd3 17. cxd3 b6 18. f5 c5 19. Bg5 Qd6 20. Re2 Rf7 21.
Re6 Qd7 22. Qe2 Nc6 23. Re1 Raf8 24. Bf4 Rf6 25. Qg2 Rc8 26. Bd6 Rxe6 27. Rxe6
Nd8 28. Qxd5 Nxe6 29. fxe6 Qc6 30. Qe5 Qf3 31. Qf5 Qxf5 32. gxf5 Rd8 33. e7 Re8
34. d4 cxd4 35. cxd4 Kf7 36. d5 Rxe7 0-1

[Event "Porto Carras Summer Cup"]
[Site "Porto Carras"]
[Date "2009.07.24"]
[Round "8.8"]
[White "Koroteeva, Ksenia"]
[Black "Hrisanthopoulos, Dimitrios"]
[Result "0-1"]
[WhiteElo "1970"]
[BlackElo "2128"]
[PlyCount "72"]
[EventDate "2009.??.??"]

1. e4 c5 2. Nf3 Nc6 3. d4 cxd4 4. Nxd4 e5 5. Nb5 d6 6. N1c3 a6 7. Na3 b5 8. Nd5
Nge7 9. c4 Nd4 10. cxb5 Nxd5 11. exd5 Bd7 12. Bd2 axb5 13. Bd3 Be7 14. O-O O-O
15. Bc3 Rb8 16. Bxd4 exd4 17. Qe2 Bf6 18. Rfe1 Re8 19. Qf1 Qa5 20. Rxe8+ Bxe8
21. Re1 g6 22. f4 b4 23. Nc2 Bd7 24. f5 Kg7 25. Qf3 b3 26. axb3 Rxb3 27. fxg6
hxg6 28. Rf1 Bf5 29. Ne1 Qd2 30. g4 Qg5 31. h3 Bxd3 32. Nxd3 Qe3+ 33. Kh1 Qxf3+
34. Rxf3 Bg5 35. Ne5 Rxf3 36. Nxf3 d3 0-1

[Event "Porto Carras Summer Cup"]
[Site "Porto Carras"]
[Date "2009.07.25"]
[Round "9.4"]
[White "Hrisanthopoulos, Dimitrios"]
[Black "Karlovich, Anastazia"]
[Result "0-1"]
[WhiteElo "2128"]
[BlackElo "2211"]
[PlyCount "92"]
[EventDate "2009.??.??"]

1. e4 e5 2. Nf3 Nc6 3. Bb5 a6 4. Ba4 d6 5. Bxc6+ bxc6 6. d4 f6 7. Be3 g6 8. Qd2
Bg7 9. Nc3 Ne7 10. h4 Bg4 11. dxe5 fxe5 12. Ng5 h6 13. Nh3 Qd7 14. f3 Be6 15.
Na4 c5 16. Nc3 Rb8 17. b3 Nc6 18. Nf2 Nd4 19. Ne2 Qb5 20. c4 Qd7 21. Nc3 O-O
22. Qd1 Rf7 23. Qd3 c6 24. Na4 Rb4 25. Qd1 Qd8 26. Nd3 Rb8 27. Qd2 Kh7 28. Nab2
Qe7 29. Na4 Kg8 30. Bf2 Rbf8 31. Be3 Kh7 32. Nb6 Rb8 33. Na4 Qf8 34. Bf2 Bf6
35. Be3 Be7 36. Nc3 Qd8 37. Bxh6 Rxf3 38. Bg5 Bg4 39. Nf2 Bh5 40. Rh3 Bxg5 41.
hxg5 Rxh3 42. Nxh3 Qd7 43. Nf2 Rf8 44. Ncd1 Qf7 45. Rc1 Be2 46. Qe3 Bxd1 0-1

[Event "Porto Carras Summer Cup"]
[Site "Porto Carras"]
[Date "2009.07.25"]
[Round "9.5"]
[White "Pavlidou, Ekaterini"]
[Black "Mattsson, Michael"]
[Result "1-0"]
[WhiteElo "2179"]
[BlackElo "2116"]
[PlyCount "109"]
[EventDate "2009.??.??"]

1. d4 d5 2. c4 c6 3. Nf3 Nf6 4. Nc3 e6 5. Bg5 h6 6. Bxf6 Qxf6 7. e3 Nd7 8. Bd3
dxc4 9. Bxc4 g6 10. O-O Bg7 11. e4 e5 12. d5 Nb6 13. Bb3 Bg4 14. h3 Bxf3 15.
Qxf3 Qxf3 16. gxf3 Ke7 17. Rac1 Rhd8 18. Rfd1 h5 19. Na4 Bh6 20. Rc3 Nxa4 21.
Bxa4 b5 22. Bb3 Rac8 23. dxc6 Rxd1+ 24. Bxd1 Kd6 25. Bb3 Rxc6 26. Rd3+ Kc7 27.
Bxf7 h4 28. Be8 Rc1+ 29. Kg2 Rc2 30. Rc3+ Rxc3 31. bxc3 Kb6 32. Bxg6 Kc5 33.
Bf7 Bf4 34. Kf1 Bd2 35. f4 exf4 36. Ke2 Bxc3 37. Kf3 Be5 38. Kg4 Kd4 39. Bd5
Kd3 40. Kf5 Kd4 41. Bc6 b4 42. Kg5 Kd3 43. Kxh4 Ke2 44. Kg4 Kxf2 45. Kf5 Bc7
46. h4 Ke3 47. e5 a5 48. h5 f3 49. h6 f2 50. Bg2 a4 51. h7 b3 52. axb3 axb3 53.
h8=Q f1=Q+ 54. Bxf1 b2 55. Qh6+ 1-0

[Event "Porto Carras Summer Cup"]
[Site "Porto Carras"]
[Date "2009.07.25"]
[Round "9.7"]
[White "Csonka, Balazs"]
[Black "Xaxiris, E."]
[Result "1/2-1/2"]
[WhiteElo "2062"]
[BlackElo "2035"]
[PlyCount "29"]
[EventDate "2009.??.??"]

1. e4 c5 2. Nf3 d6 3. d4 cxd4 4. Nxd4 Nf6 5. Nc3 a6 6. Bg5 e6 7. f4 Be7 8. Qf3
O-O 9. O-O-O Qc7 10. Qg3 Re8 11. Bd3 Nbd7 12. Rhe1 g6 13. Qh4 e5 14. Nb3 b5 15.
Re3 1/2-1/2